[Event "55smm A Richter/Lask2-Klausen"]
[Site "?"]
[Date "2023.11.18"]
[Round "2.6"]
[White "Unterweger, Christian"]
[Black "Sigmund, Ingenuin"]
[Result "1/2-1/2"]
[WhiteElo "1543"]
[BlackElo "1533"]
[PlyCount "108"]
[EventDate "2023.11.18"]

1. d4 Nf6 2. Nf3 d5 3. e3 e6 4. c4 Bb4+ 5. Bd2 Bxd2+ 6. Nbxd2 O-O 7. Bd3 b6 8.
Qc2 Bb7 9. O-O Nbd7 10. c5 bxc5 11. dxc5 c6 12. b4 Qc7 13. h3 a5 14. a3 Ba6 15.
Rfe1 Ne5 16. Nxe5 Qxe5 17. e4 axb4 18. exd5 Bxd3 19. Qxd3 Qxd5 20. Qxd5 Nxd5
21. a4 Rfb8 22. Nb3 Kf8 23. Nd4 Ra6 24. Nb3 Ke7 25. a5 f6 26. Re4 e5 27. Rae1
Kf7 28. g3 Rb5 29. Ra1 Nc3 30. Rc4 Ke6 31. h4 h5 32. Kf1 Kd5 33. Nd2 Rxc5 34.
Rxb4 Rcxa5 35. Rxa5+ Rxa5 36. Rb7 Ra1+ 37. Kg2 Ra2 38. Rd7+ Ke6 39. Rd3 Nd5 40.
Ne4 Rc2 41. Ra3 g6 42. Ra5 Ne3+ 43. Kf3 Nf5 44. Ra8 Nd4+ 45. Ke3 Nf5+ 46. Kd3
Rb2 47. Rf8 Ne7 48. Rxf6+ Kd7 49. Nc5+ Kc7 50. Ne4 Rb4 51. Re6 Rd4+ 52. Ke3
Nf5+ 53. Kf3 Rd3+ 54. Kg2 Nd6 1/2-1/2

[Event "55smm A Steinegg-Ehrenburg"]
[Site "?"]
[Date "2023.11.18"]
[Round "2.1"]
[White "Wohlfahrt, Herbert"]
[Black "Engl, Stefan"]
[Result "1-0"]
[WhiteElo "2329"]
[BlackElo "1992"]
[PlyCount "31"]
[EventDate "2023.11.18"]

{[%evp 0,31,25,7,47,0,41,35,43,45,61,61,48,48,47,21,43,28,97,99,112,44,84,12,
98,32,90,87,96,-15,91,47,79,63]} 1. Nf3 e6 2. c4 f5 3. g3 Nf6 4. Bg2 Be7 5. O-O
O-O 6. d4 d5 7. Nbd2 c6 8. Ne5 Bd7 9. Ndf3 Ne4 10. Ne1 Bc8 11. N1d3 Ng5 12. Nf4
Nf7 13. Nxf7 Kxf7 14. f3 h6 15. Qd3 Qd7 16. h4 1-0

[Event "55smm A Steinegg-Ehrenburg"]
[Site "?"]
[Date "2023.11.18"]
[Round "2.3"]
[White "Hengl, Christian"]
[Black "Engl, Alexander"]
[Result "1-0"]
[WhiteElo "2125"]
[BlackElo "1845"]
[PlyCount "73"]
[EventDate "2023.11.18"]

1. c4 e6 2. g3 f5 3. Bg2 Nf6 4. d4 d5 5. Nc3 c6 6. Nf3 Bd6 7. O-O O-O 8. a4 a5
9. b3 Qe7 10. Ne5 Nbd7 11. Nd3 Ne4 12. Nb1 b6 13. Qc2 Ba6 14. f3 Nef6 15. Nd2
e5 16. dxe5 Nxe5 17. Bb2 Rac8 18. Rae1 Nfd7 19. Kh1 Nc5 20. Bxe5 Bxe5 21. f4
Bf6 22. cxd5 Ne4 23. dxc6 Bb7 24. Nxe4 fxe4 25. Qc4+ Kh8 26. Qxe4 Qxe4 27. Bxe4
Bxc6 28. Bxc6 Rxc6 29. Rc1 Re6 30. Rfe1 Rfe8 31. e4 Bd4 32. Kg2 Rd8 33. e5 g6
34. Kf3 Kg7 35. Rc7+ Kg8 36. Rec1 Ree8 37. Ke4 1-0

[Event "55smm A Steinegg-Ehrenburg"]
[Site "?"]
[Date "2023.11.18"]
[Round "2.3"]
[White "Pichler, Martin"]
[Black "Lerch, Johannes"]
[Result "1/2-1/2"]
[WhiteElo "1888"]
[BlackElo "2119"]
[PlyCount "72"]
[EventDate "2023.11.18"]

1. e4 e5 2. Nf3 Nc6 3. Bc4 Bc5 4. c3 Nf6 5. d4 exd4 6. O-O Nxe4 7. cxd4 d5 8.
dxc5 dxc4 9. Qe2 Qd3 10. Re1 f5 11. Nc3 O-O 12. Nxe4 fxe4 13. Qxe4 Bf5 14. Qh4
Rae8 15. Be3 Re4 16. Bf4 c3 17. bxc3 Qxc3 18. Rxe4 Bxe4 19. Rc1 Qb4 20. Bd2 Qa4
21. Ng5 Bc2 22. Qxa4 Bxa4 23. Re1 Nd8 24. Re7 h6 25. Bc3 Nf7 26. Ne6 Re8 27.
Rxe8+ Bxe8 28. Nxc7 Bd7 29. a3 Ng5 30. f3 Ne6 31. Nxe6 Bxe6 32. Kf2 Kf7 33. Ke3
Bd5 34. Kf4 a6 35. h4 h5 36. Ke5 Bc6 1/2-1/2

[Event "55smm A Steinegg-Ehrenburg"]
[Site "?"]
[Date "2023.11.18"]
[Round "2.4"]
[White "Lantschner, Carmen"]
[Black "Hengl, Philip"]
[Result "0-1"]
[WhiteElo "1642"]
[BlackElo "1952"]
[PlyCount "98"]
[EventDate "2023.11.18"]

1. e4 a6 2. d4 c6 3. Nf3 d5 4. Nc3 g6 5. Bd3 Bg7 6. Be3 dxe4 7. Nxe4 Nf6 8.
Nxf6+ exf6 9. O-O O-O 10. Qd2 Bg4 11. Be2 Nd7 12. Rad1 b5 13. h3 Be6 14. b3 Nb6
15. Bh6 Bxh6 16. Qxh6 Qc7 17. Nd2 f5 18. Nf3 f6 19. Rfe1 Rfe8 20. Bd3 Nd5 21.
Qd2 b4 22. Bc4 Qd6 23. Qd3 a5 24. Bxd5 Bxd5 25. c4 bxc3 26. Qxc3 Qb4 27. Rxe8+
Rxe8 28. Qxb4 axb4 29. Re1 Rd8 30. Nd2 Ra8 31. Ra1 Kf7 32. Kf1 f4 33. f3 g5 34.
Ke2 h5 35. Kd3 g4 36. hxg4 hxg4 37. a4 bxa3 38. Kc3 gxf3 39. Nxf3 Kg6 40. Ne1
Kg5 41. Ra2 Kg4 42. Nc2 Bxg2 43. Nxa3 f3 44. Kb4 Kg3 45. Rc2 f2 46. Rc3+ Kh4
47. Rc1 Rxa3 48. Kxa3 f1=Q 49. Rxf1 Bxf1 0-1

[Event "55smm A Steinegg-Ehrenburg"]
[Site "?"]
[Date "2023.11.18"]
[Round "2.5"]
[White "Babinetz, Rainer"]
[Black "Lantschner, Alexander"]
[Result "1-0"]
[WhiteElo "1915"]
[BlackElo "1399"]
[PlyCount "64"]
[EventDate "2023.11.18"]

1. Nf3 Nc6 2. g3 e5 3. d3 Bc5 4. a3 a6 5. b4 Bb6 6. Bb2 d6 7. Bg2 Nf6 8. Nbd2
h6 9. e3 Bg4 10. h3 Be6 11. O-O O-O 12. c4 Nh7 13. d4 Bd7 14. dxe5 Ng5 15. Nxg5
Qxg5 16. Ne4 Qd8 17. exd6 cxd6 18. Nxd6 Rb8 19. Qh5 Bc7 20. Rfd1 Qe7 21. c5 b6
22. Nf5 Bxf5 23. Qxf5 Nd8 24. Rd7 Qe6 25. Qxe6 Nxe6 26. Bd5 Rfc8 27. Bxe6 fxe6
28. Rxg7+ Kf8 29. Rc1 e5 30. Rg6 Kf7 31. Rxh6 Kg7 32. cxb6 Kxh6 1-0

[Event "55smm A Steinegg-Ehrenburg"]
[Site "?"]
[Date "2023.11.18"]
[Round "2.6"]
[White "Lantschner, Arnold"]
[Black "Mairhofer, Lino"]
[Result "1/2-1/2"]
[WhiteElo "1331"]
[BlackElo "1765"]
[PlyCount "86"]
[EventDate "2023.11.18"]

1. e4 c5 2. Nc3 Nc6 3. Nf3 d6 4. Bc4 e6 5. h3 g6 6. O-O Bg7 7. b3 Nge7 8. Bb2
O-O 9. Rb1 a6 10. a4 b6 11. Re1 Bb7 12. Ne2 Bxb2 13. Rxb2 d5 14. exd5 exd5 15.
Bd3 Nb4 16. Nc1 Nxd3 17. Nxd3 d4 18. c4 a5 19. Nde5 Qd6 20. d3 Nc6 21. Rbe2
Rad8 22. Qd2 Nxe5 23. Nxe5 Qf6 24. Qh6 Qg7 25. Qh4 f5 26. f4 Qf6 27. Qg3 Kg7
28. Nf3 Bc8 29. Ng5 Kg8 30. Qh4 h5 31. Qf2 Bd7 32. Qf3 Bc6 33. Qf2 Bd7 34. Re5
Rfe8 35. h4 Rxe5 36. Rxe5 Re8 37. Rxe8+ Bxe8 38. Qe2 Bc6 39. Qe6+ Qxe6 40. Nxe6
Bd7 41. Nc7 Bc6 42. Na6 Kf7 43. Nb8 Be8 1/2-1/2

[Event "55smm A Tramin/Kaltern-Richter/Lask"]
[Site "?"]
[Date "2023.11.18"]
[Round "2.1"]
[White "De Eccher, Stefano"]
[Black "Panjkovic, Aleksandar"]
[Result "1-0"]
[WhiteElo "2175"]
[BlackElo "2072"]
[PlyCount "72"]
[EventDate "2023.11.18"]

1. e4 d6 2. c4 g6 3. Nc3 Bg7 4. g3 e5 5. Bg2 Ne7 6. Nge2 c5 7. d3 Nbc6 8. Be3
Nd4 9. Qd2 Bh3 10. O-O h5 11. Bxd4 Bxg2 12. Bxe5 dxe5 13. Kxg2 h4 14. g4 Qd7
15. h3 O-O-O 16. Nd5 f5 17. Nxe7+ Qxe7 18. f3 Bh6 19. Qc2 Qg5 20. Nc3 Qf4 21.
Qf2 Rxd3 22. Nd5 Qg3+ 23. Qxg3 hxg3 24. Rad1 Rxd1 25. Rxd1 fxg4 26. fxg4 Rf8
27. Rf1 Rxf1 28. Kxf1 Bg5 29. Kg2 Bh4 30. Nc3 Kd7 31. Ne2 Kc6 32. Nxg3 b5 33.
Ne2 bxc4 34. Ng1 Bg5 35. Ne2 Bh4 36. Kf3 Be1 1-0

[Event "55smm A Tramin/Kaltern-Richter/Lask"]
[Site "?"]
[Date "2023.11.18"]
[Round "2.2"]
[White "Zucchelli, Massimo"]
[Black "Moncher, Stefano"]
[Result "0-1"]
[WhiteElo "2113"]
[BlackElo "2168"]
[PlyCount "72"]
[EventDate "2023.11.18"]

1. d4 Nf6 2. c4 g6 3. Nc3 Bg7 4. e4 d6 5. Bd3 e5 6. d5 O-O 7. Nge2 Na6 8. O-O
c6 9. h3 Ne8 10. Be3 f5 11. exf5 gxf5 12. f4 e4 13. Bc2 c5 14. a3 Nac7 15. Ng3
Nf6 16. Nh5 Nxh5 17. Qxh5 Qe8 18. Qe2 Kh8 19. Rab1 Rg8 20. Kh1 h5 21. Bd2 Bd7
22. Nd1 Qf7 23. Ne3 Bd4 24. Be1 Bf6 25. Bc3 Bxc3 26. bxc3 b6 27. g4 fxg4 28. f5
Ne8 29. hxg4 hxg4 30. Kg2 Nf6 31. Rf4 Rg5 32. Rh1+ Rh5 33. Bxe4 Re8 34. Rxh5+
Qxh5 35. Nxg4 Nxe4 36. Rxe4 Rxe4 0-1

[Event "55smm A Tramin/Kaltern-Richter/Lask"]
[Site "?"]
[Date "2023.11.18"]
[Round "2.3"]
[White "Bevilacqua, Maurizio"]
[Black "Maier, Fridolin"]
[Result "1-0"]
[WhiteElo "2027"]
[BlackElo "1778"]
[PlyCount "72"]
[EventDate "2023.11.18"]

1. d4 Nf6 2. Nf3 c5 3. e3 cxd4 4. exd4 d5 5. Bd3 Bg4 6. O-O e6 7. Bf4 Bd6 8.
Bg3 O-O 9. Nbd2 Nc6 10. c3 a6 11. Re1 b5 12. Qb1 Bxg3 13. hxg3 Qb6 14. Ne5 Bh5
15. Nb3 Nxe5 16. Rxe5 Bg6 17. Nc5 b4 18. Bxg6 hxg6 19. Qe1 bxc3 20. bxc3 Rfb8
21. Re2 Qb5 22. a4 Qc6 23. a5 Nd7 24. Nxe6 fxe6 25. Rxe6 Qc4 26. Re7 Nf6 27.
Qe6+ Kh8 28. Qf7 Rg8 29. Qxg6 Rae8 30. Re5 Rxe5 31. dxe5 Qxc3 32. Ra4 Qc1+ 33.
Kh2 Qh6+ 34. Rh4 Nh7 35. Rxh6 gxh6 36. Qxa6 Kg7 1-0

[Event "55smm A Tramin/Kaltern-Richter/Lask"]
[Site "?"]
[Date "2023.11.18"]
[Round "2.4"]
[White "Thaler, Elmar"]
[Black "Billio, Atto"]
[Result "0-1"]
[WhiteElo "1782"]
[BlackElo "2003"]
[PlyCount "78"]
[EventDate "2023.11.18"]

1. d4 f5 2. Nf3 Nf6 3. g3 g6 4. Bg2 Bg7 5. O-O O-O 6. c4 d6 7. Nc3 c6 8. e3 Qc7
9. Rb1 a5 10. b3 Na6 11. Bb2 e5 12. d5 Nc5 13. Ba3 Nfe4 14. Bb2 Nxc3 15. Bxc3
Ne4 16. Bb2 c5 17. Nd2 Nxd2 18. Qxd2 a4 19. b4 cxb4 20. Qxb4 f4 21. Ba3 Ra6 22.
Rfe1 g5 23. e4 Qf7 24. g4 f3 25. Bf1 Qf4 26. h3 h5 27. Bc1 Qf6 28. c5 hxg4 29.
Bxa6 bxa6 30. Qd2 Qh6 31. Qd3 g3 32. Re3 Qxh3 33. Rxf3 Qh2+ 34. Kf1 g2+ 35. Ke2
Rxf3 36. Rb8 Rxd3 37. Rxc8+ Kf7 38. cxd6 g1=Q 39. d7 Qd1# 0-1

[Event "55smm A Tramin/Kaltern-Richter/Lask"]
[Site "?"]
[Date "2023.11.18"]
[Round "2.5"]
[White "Buglisi, Massimo"]
[Black "Florian, Andreas"]
[Result "1/2-1/2"]
[WhiteElo "1911"]
[BlackElo "1573"]
[PlyCount "107"]
[EventDate "2023.11.18"]

1. e4 e6 2. d3 d5 3. Nd2 c5 4. Ngf3 Nc6 5. g3 Nf6 6. Bg2 Be7 7. O-O O-O 8. Re1
b5 9. e5 Nd7 10. h4 Qc7 11. Qe2 f6 12. exf6 Nxf6 13. c4 a6 14. a4 bxa4 15. Rxa4
Re8 16. b3 Bd7 17. Ra1 Nb4 18. Nb1 Bd6 19. Bd2 Qb6 20. Bxb4 cxb4 21. Nbd2 Bxg3
22. d4 Bf4 23. c5 Qc7 24. Qd3 Bb5 25. Qc2 Ng4 26. Bh3 h5 27. Bxg4 hxg4 28. Ne5
Qe7 29. Ng6 Qf6 30. h5 Qxd4 31. Rad1 Bd3 32. Nf1 Bxg6 33. Qxg6 Qf6 34. Qxg4 Qg5
35. Qxg5 Bxg5 36. Re2 Rac8 37. Rc2 Rc6 38. Ra1 Ra8 39. Ne3 Bf6 40. Ra5 Bd8 41.
Ra4 a5 42. Ng2 e5 43. Ne3 d4 44. Nd5 Rac8 45. Re2 Rxc5 46. Rxe5 Bf6 47. Nxf6+
gxf6 48. Rxc5 Rxc5 49. Kf1 Rxh5 50. Ke2 Rh3 51. Rxa5 Rxb3 52. Rd5 Rb2+ 53. Ke1
Rb1+ 54. Ke2 1/2-1/2

[Event "55smm B Arci3-Naturns"]
[Site "?"]
[Date "2023.11.18"]
[Round "2.1"]
[White "Unterthurner, Hans"]
[Black "Gheser, Amir"]
[Result "1-0"]
[WhiteElo "1905"]
[BlackElo "1702"]
[PlyCount "38"]
[EventDate "2023.11.18"]

1. e4 c5 2. c3 e5 3. d4 cxd4 4. cxd4 exd4 5. Nf3 Nc6 6. Bc4 Bb4+ 7. Bd2 Qe7 8.
O-O Bc5 9. Bg5 f6 10. Bf4 d6 11. Nbd2 Ne5 12. Bd5 g5 13. Bg3 h5 14. h4 g4 15.
Nxd4 Bxd4 16. Qa4+ Bd7 17. Qxd4 Bc6 18. Rfd1 O-O-O 19. Qxa7 Nh6 1-0

[Event "55smm B Arci3-Naturns"]
[Site "?"]
[Date "2023.11.18"]
[Round "2.2"]
[White "Benvenuto, Alexander"]
[Black "Gurschler, Gregor"]
[Result "1-0"]
[WhiteElo "1579"]
[BlackElo "1768"]
[PlyCount "73"]
[EventDate "2023.11.18"]

1. d4 d6 2. e4 Nf6 3. Nc3 g6 4. f4 Bg7 5. Nf3 O-O 6. e5 dxe5 7. dxe5 Qxd1+ 8.
Kxd1 Rd8+ 9. Ke1 Nd5 10. Nxd5 Rxd5 11. Bc4 Rd8 12. Be3 Nc6 13. Ng5 e6 14. Kf2
b6 15. Rad1 Bb7 16. a3 Ne7 17. Rhe1 h6 18. Nf3 Nd5 19. g3 Nxe3 20. Kxe3 Bf8 21.
b4 a5 22. c3 axb4 23. axb4 Bd5 24. Bxd5 exd5 25. Ra1 Rac8 26. Ra7 Rd7 27. Nd4
Re8 28. Kd3 Bg7 29. Nc6 Re6 30. Nd4 Ree7 31. Nc6 Re6 32. b5 Bf8 33. Ra8 Kg7 34.
Rea1 Bc5 35. Rc8 f6 36. Raa8 fxe5 37. Nxe5 1-0

[Event "55smm B Groeden2-Arci2"]
[Site "?"]
[Date "2023.11.18"]
[Round "2.1"]
[White "Rinaldo, Gaetano"]
[Black "Casadio, Lorenzo"]
[Result "0-1"]
[WhiteElo "1669"]
[BlackElo "1863"]
[PlyCount "114"]
[EventDate "2023.11.18"]

1. Nf3 d5 2. c4 d4 3. d3 Nc6 4. g3 e5 5. Bg2 Bb4+ 6. Bd2 a5 7. O-O Nf6 8. Bg5
O-O 9. a3 Be7 10. Bxf6 Bxf6 11. Nbd2 Re8 12. Qc2 a4 13. h3 Be6 14. Kh2 Be7 15.
b4 axb3 16. Qxb3 Qd7 17. Ng1 Ra7 18. Rfb1 Rea8 19. Qb5 f6 20. a4 Nd8 21. Qxd7
Bxd7 22. a5 Bc6 23. Nb3 Bxg2 24. Kxg2 Nc6 25. Ra4 b6 26. a6 Rxa6 27. Rxa6 Rxa6
28. Rb2 Kf7 29. Nf3 Ke6 30. Nfd2 Nb4 31. f4 Ra2 32. Rxa2 Nxa2 33. fxe5 fxe5 34.
Kf3 Nc3 35. Ne4 Nd1 36. Ned2 Kd6 37. Ne4+ Kc6 38. Nbd2 Bb4 39. Nf1 Be7 40. e3
Nc3 41. exd4 exd4 42. Nfd2 Kd7 43. Nb3 c5 44. Nxc3 dxc3 45. Ke2 Bf6 46. Kd1 Be5
47. g4 Ke6 48. Kc2 Bd4 49. Nc1 Ke5 50. Ne2 g6 51. Kd1 h5 52. gxh5 gxh5 53. Kc2
Kf5 54. Nxc3 Kf4 55. Ne2+ Kf3 56. Nxd4+ cxd4 57. Kb3 Ke3 0-1

[Event "55smm B Groeden2-Arci2"]
[Site "?"]
[Date "2023.11.18"]
[Round "2.3"]
[White "Rizzardi, Roberto"]
[Black "Scola, Matteo"]
[Result "1-0"]
[WhiteElo "1587"]
[BlackElo "1633"]
[PlyCount "113"]
[EventDate "2023.11.18"]

1. e4 c5 2. Nf3 e6 3. c3 Nf6 4. Qc2 Qc7 5. d4 cxd4 6. Nxd4 a6 7. Bg5 Qe5 8.
Bxf6 Qxf6 9. Nd2 Bc5 10. N2f3 e5 11. Nb3 Ba7 12. Rd1 O-O 13. Be2 Nc6 14. O-O d6
15. Nbd2 Rd8 16. b4 b5 17. a4 bxa4 18. Qxa4 Bd7 19. Qa3 Bc8 20. Nc4 Bb7 21. Ne3
Ne7 22. Nd2 Qg6 23. Qa5 Bxe3 24. fxe3 Bxe4 25. Bf3 Bxf3 26. Rxf3 d5 27. Qc7 Qd6
28. Qa5 Qg6 29. Qc7 Qd6 30. Qa5 Nc6 31. Qa2 Qe6 32. Rdf1 Ra7 33. Qc2 e4 34. Rf4
Rc8 35. Nb3 Nxb4 36. Qd2 Nd3 37. Rf5 f6 38. Nd4 Qd7 39. Qa2 Rc4 40. Qa5 Ne5 41.
Qb6 Ng4 42. Qb8+ Rc8 43. Qg3 Ne5 44. Rxf6 Ng6 45. Rd6 Qc7 46. Rc6 Qd7 47. Rxc8+
Qxc8 48. Qd6 Rd7 49. Qe6+ Kh8 50. Rf7 Ne5 51. Rxd7 Nxd7 52. Nc6 Nb6 53. Qf7 h6
54. Ne7 Qd8 55. g4 a5 56. g5 Nc8 57. gxh6 1-0

[Event "55smm B Lana-Ridnaun"]
[Site "?"]
[Date "2023.11.18"]
[Round "2.4"]
[White "Mair, Christian Anton"]
[Black "Helfer, August"]
[Result "1/2-1/2"]
[WhiteElo "1282"]
[BlackElo "1635"]
[PlyCount "56"]
[EventDate "2023.11.18"]

1. b4 a5 2. b5 c5 3. c4 b6 4. Bb2 Bb7 5. e3 d6 6. Nf3 Nd7 7. Be2 Ngf6 8. O-O g6
9. d4 Bg7 10. Nbd2 e6 11. Rb1 O-O 12. a4 Re8 13. Re1 Rc8 14. Ba1 h6 15. Rc1 Ne4
16. Qc2 Ndf6 17. Red1 Qe7 18. h3 Nxd2 19. Nxd2 Nh7 20. Bf3 f5 21. dxc5 dxc5 22.
Bxb7 Qxb7 23. Bxg7 Qxg7 24. Qc3 Rcd8 25. Qxg7+ Kxg7 26. Nf3 Kf6 27. Kf1 g5 28.
Ke2 h5 1/2-1/2

[Event "55smm B Merania-Tramin/Kaltern"]
[Site "?"]
[Date "2023.11.18"]
[Round "2.2"]
[White "Kaserer, Hanspeter"]
[Black "Filosi, Gianluigi"]
[Result "1-0"]
[WhiteElo "1674"]
[BlackElo "1575"]
[PlyCount "95"]
[EventDate "2023.11.18"]

1. d4 d5 2. c4 c6 3. Nf3 Nf6 4. Nc3 g6 5. Bf4 Bg7 6. e3 O-O 7. Bd3 Re8 8. O-O
Bg4 9. h3 Bxf3 10. Qxf3 e6 11. Rfd1 Nbd7 12. Rac1 Rc8 13. Bg5 Qb6 14. Rc2 h6
15. Bh4 e5 16. cxd5 exd4 17. Bxf6 dxc3 18. Bxg7 Kxg7 19. bxc3 Ne5 20. Qe2 cxd5
21. Rb2 Qc7 22. Rb3 Nc4 23. Qf3 Qe7 24. Qxd5 Red8 25. Rxb7 Qf6 26. Qf3 Qxf3 27.
gxf3 Ne5 28. Be2 Rxd1+ 29. Bxd1 Rxc3 30. Kg2 Rd3 31. Bb3 Rd7 32. Rb5 Nd3 33. f4
f6 34. Rb8 Rc7 35. Rg8+ Kh7 36. Rd8 Nc1 37. Rb8 Ne2 38. a4 Nc3 39. a5 Ne4 40.
a6 Nc5 41. Bc4 Nd7 42. Rb7 Rxb7 43. axb7 Kg7 44. Kf3 a5 45. Bb5 Nb8 46. Ke4 Kf7
47. Kd5 Ke7 48. e4 1-0

[Event "55smm B Merania-Tramin/Kaltern"]
[Site "?"]
[Date "2023.11.18"]
[Round "2.5"]
[White "Gutmann, Norbert"]
[Black "Klotzner, Jakob"]
[Result "0-1"]
[WhiteElo "1450"]
[BlackElo "1469"]
[PlyCount "74"]
[EventDate "2023.11.18"]

1. b3 e5 2. Bb2 Nc6 3. e3 d5 4. d4 exd4 5. exd4 Nf6 6. Nd2 Bd6 7. Ngf3 O-O 8.
Be2 Re8 9. O-O Ne7 10. Re1 c6 11. c4 Ng6 12. g3 Bf5 13. Bf1 Qc7 14. c5 Bf8 15.
Ne5 Nxe5 16. dxe5 Ng4 17. b4 Nxe5 18. f4 Nd3 19. Bxd3 Rxe1+ 20. Qxe1 Bxd3 21.
Qe3 Bg6 22. Qf3 f6 23. Re1 b6 24. Nb3 bxc5 25. bxc5 a5 26. Qg4 a4 27. f5 axb3
28. fxg6 Bxc5+ 29. Kh1 hxg6 30. axb3 Qf7 31. Rc1 f5 32. Qf4 Qe7 33. Be5 Re8 34.
b4 Bxb4 35. Rxc6 Qxe5 36. Qxb4 Qa1+ 37. Kg2 Re2+ 0-1

[Event "55smm B Taufers-Klausen2"]
[Site "?"]
[Date "2023.11.18"]
[Round "2.2"]
[White "Forer, Erich"]
[Black "Blasbichler, Robert"]
[Result "1-0"]
[WhiteElo "1787"]
[BlackElo "1629"]
[PlyCount "105"]
[EventDate "2023.11.18"]

1. d4 d5 2. Nf3 e6 3. e3 Nf6 4. Bd3 Be7 5. Nbd2 O-O 6. Ne5 Nbd7 7. f4 c5 8. c3
Nxe5 9. fxe5 Nd7 10. Qh5 f5 11. O-O Qe8 12. Qe2 Bg5 13. Nf3 Bh6 14. g3 g6 15.
Qg2 c4 16. Qh3 Bg7 17. Be2 Qe7 18. Bd2 a6 19. Rf2 b5 20. g4 Re8 21. gxf5 exf5
22. Nh4 Nf8 23. Ng2 Ne6 24. Be1 Bd7 25. Nf4 Nxf4 26. exf4 Be6 27. Rg2 Qf7 28.
Qg3 Ra7 29. h4 Qf8 30. h5 Bf7 31. hxg6 Bxg6 32. Bf3 Rd7 33. Rh2 Qf7 34. Qg2
Ree7 35. Bh4 Re8 36. Re1 Qe6 37. Rh3 Rf8 38. Bg5 Rff7 39. Re2 Rf8 40. Qh1 Rff7
41. Kf2 Bf8 42. Rg3 Bg7 43. Re1 Bh8 44. Reg1 Bg7 45. Bf6 Kf8 46. Rxg6 hxg6 47.
Rxg6 Bxf6 48. exf6 Ke8 49. Rg8+ Rf8 50. Rxf8+ Kxf8 51. Qh8+ Qg8 52. Qh6+ Ke8
53. Bh5+ 1-0

[Event "55smm B Taufers-Klausen2"]
[Site "?"]
[Date "2023.11.18"]
[Round "2.5"]
[White "Steger, Andreas"]
[Black "Flatscher, Tobias"]
[Result "1/2-1/2"]
[WhiteElo "1477"]
[BlackElo "1594"]
[PlyCount "38"]
[EventDate "2023.11.18"]

1. d4 d5 2. c4 c6 3. Nc3 Nf6 4. e3 Bf5 5. Bd3 Bxd3 6. Qxd3 e6 7. Nf3 dxc4 8.
Qxc4 Be7 9. O-O O-O 10. a4 Nbd7 11. Bd2 Rc8 12. Rfd1 Qb6 13. Rab1 Bb4 14. h3 a5
15. e4 Qc7 16. Qe2 Nb6 17. b3 h6 18. Rbc1 Qe7 19. e5 Nfd5 1/2-1/2

[Event "55smm A Brixen/Milland-Groeden"]
[Site "?"]
[Date "2023.12.02"]
[Round "3.1"]
[White "Moroder, Stephan"]
[Black "Kofler, Thomas"]
[Result "1-0"]
[WhiteElo "2155"]
[BlackElo "1948"]
[PlyCount "71"]
[EventDate "2023.12.02"]

1. d4 d5 2. c4 c6 3. Nf3 Nf6 4. Nc3 e6 5. g3 Bd6 6. Bg2 Qc7 7. O-O h5 8. Qc2
dxc4 9. e4 Bb4 10. Bf4 Qa5 11. Ne5 h4 12. Nxc4 Qd8 13. Rad1 hxg3 14. hxg3 Na6
15. Qe2 Nh5 16. Be3 Bxc3 17. bxc3 Kf8 18. Bf3 Nf6 19. Bg5 Qd7 20. Ne5 Qc7 21.
Kg2 c5 22. Rh1 Rxh1 23. Rxh1 cxd4 24. cxd4 Kg8 25. Bxf6 gxf6 26. Qe3 Kf8 27.
Rh8+ Ke7 28. Qa3+ Qd6 29. Re8+ Kxe8 30. Qxd6 fxe5 31. Qxe5 Rb8 32. Be2 Ra8 33.
d5 Kd8 34. Qd6+ Bd7 35. Bb5 Nb8 36. Qf8+ 1-0

[Event "55smm A Brixen/Milland-Groeden"]
[Site "?"]
[Date "2023.12.02"]
[Round "3.2"]
[White "Paulmichl, Martin"]
[Black "Casadio, Niccolo"]
[Result "0-1"]
[WhiteElo "1880"]
[BlackElo "2107"]
[PlyCount "64"]
[EventDate "2023.12.02"]

1. d4 Nf6 2. Bg5 d5 3. Bxf6 exf6 4. e3 Bd6 5. Nd2 c6 6. c4 dxc4 7. Bxc4 O-O 8.
Qf3 f5 9. Ne2 Qa5 10. Rd1 Nd7 11. O-O Nf6 12. h3 Bd7 13. a3 Rae8 14. b4 Qd8 15.
Bd3 g6 16. Nc3 Bb8 17. Rfe1 Be6 18. e4 Qxd4 19. exf5 Qxc3 20. fxe6 Rxe6 21.
Rxe6 fxe6 22. Qe2 Re8 23. Bc4 Nd5 24. Ne4 Qe5 25. g3 Kg7 26. f4 Qf5 27. Qb2+ e5
28. Bxd5 cxd5 29. Ng5 h6 30. Nf3 Qxh3 31. Kf2 Kh7 32. Rxd5 exf4 0-1

[Event "55smm A Brixen/Milland-Groeden"]
[Site "?"]
[Date "2023.12.02"]
[Round "3.3"]
[White "Demetz, Rainer"]
[Black "Wisthaler, Lukas"]
[Result "1-0"]
[WhiteElo "2201"]
[BlackElo "1860"]
[PlyCount "47"]
[EventDate "2023.12.02"]

1. e4 c5 2. Nf3 e6 3. c4 Nc6 4. Nc3 d6 5. d4 cxd4 6. Nxd4 Nf6 7. g3 Be7 8. Bg2
O-O 9. O-O a6 10. b3 Qc7 11. Bb2 Bd7 12. Rc1 Rfd8 13. Nd5 exd5 14. cxd5 Qb6 15.
dxc6 bxc6 16. e5 dxe5 17. Nxc6 Bxc6 18. Rxc6 Qa5 19. Qc2 Rab8 20. Qc4 Qxa2 21.
Bxe5 Rb4 22. Rxa6 Qxb3 23. Qc7 Kf8 24. Bxf6 1-0

[Event "55smm A Brixen/Milland-Groeden"]
[Site "?"]
[Date "2023.12.02"]
[Round "3.4"]
[White "Hulinskyy, Viktor"]
[Black "Bernardi, Ruben"]
[Result "0-1"]
[WhiteElo "1610"]
[BlackElo "2042"]
[PlyCount "40"]
[EventDate "2023.12.02"]

1. d4 e6 2. c4 Nf6 3. Nc3 Bb4 4. e3 d5 5. Qa4+ Nc6 6. Bd2 O-O 7. Nf3 Bd7 8. Qc2
Re8 9. a3 Bd6 10. cxd5 exd5 11. Bd3 h6 12. Kf1 a6 13. h4 Qc8 14. e4 dxe4 15.
Nxe4 Nxe4 16. Bxe4 Bg4 17. Be3 Qe6 18. Bd3 Qf6 19. Bg5 hxg5 20. Nxg5 Nxd4 0-1

[Event "55smm A Brixen/Milland-Groeden"]
[Site "?"]
[Date "2023.12.02"]
[Round "3.5"]
[White "Moroder, Thomas"]
[Black "De Bettin, Sergio"]
[Result "1-0"]
[WhiteElo "2012"]
[BlackElo "1723"]
[PlyCount "75"]
[EventDate "2023.12.02"]

1. e4 c6 2. d4 d5 3. Nc3 dxe4 4. Nxe4 Bf5 5. Ng3 Bg6 6. h4 h6 7. Nf3 Nd7 8. h5
Bh7 9. Bd3 Bxd3 10. Qxd3 Qc7 11. Bd2 e6 12. O-O-O Ngf6 13. Ne4 Nxe4 14. Qxe4
Nf6 15. Qe2 Bd6 16. Kb1 O-O-O 17. c4 Rhe8 18. Bc3 c5 19. Rh4 Bf8 20. Rc1 Nd7
21. b3 g5 22. hxg6 fxg6 23. Re4 Qb6 24. d5 e5 25. Nxe5 Nxe5 26. Bxe5 g5 27.
Qg4+ Rd7 28. Qf5 Bd6 29. Rce1 Bxe5 30. Rxe5 Rxe5 31. Rxe5 Kc7 32. Re6 Qa5 33.
Qe5+ Kc8 34. Re8+ Rd8 35. Qe6+ Kc7 36. d6+ Kc6 37. d7+ Kc7 38. Rxd8 1-0

[Event "55smm A Brixen/Milland-Groeden"]
[Site "?"]
[Date "2023.12.02"]
[Round "3.6"]
[White "Sartore, Pascal"]
[Black "Grossi, Christian"]
[Result "0-1"]
[WhiteElo "1463"]
[BlackElo "1905"]
[PlyCount "92"]
[EventDate "2023.12.02"]

1. Nf3 d5 2. c4 c6 3. b3 Nf6 4. g3 Nbd7 5. Bg2 e5 6. Bb2 Bd6 7. cxd5 cxd5 8.
Nc3 a6 9. d3 O-O 10. O-O b5 11. Nd2 Bb7 12. e4 Nc5 13. Nf3 d4 14. Ne2 a5 15.
Nh4 b4 16. Nf5 Ba6 17. Nxd6 Qxd6 18. f4 Ng4 19. fxe5 Qh6 20. h3 Qe3+ 21. Kh1
Nf2+ 22. Rxf2 Qxf2 23. Bxd4 Nxd3 24. Qc2 Rac8 25. Qxc8 Qxe2 26. Qg4 Nf2+ 27.
Bxf2 Qxf2 28. Qf3 Qb2 29. Qd1 Qxe5 30. g4 Bb7 31. Qe1 Qb2 32. Qb1 Qe5 33. a3
Re8 34. axb4 axb4 35. Ra7 Bc6 36. Qc2 Qd4 37. Qxc6 Rd8 38. Ra8 g5 39. Qd5 Qxd5
40. exd5 Rxa8 41. Bf1 Ra2 42. Bb5 Kf8 43. d6 Rd2 44. d7 Ke7 45. Kg1 f6 46. Kf1
Rh2 0-1

[Event "55smm A Ehrenburg-Arci"]
[Site "?"]
[Date "2023.12.02"]
[Round "3.1"]
[White "Seresin, Francesco"]
[Black "Wohlfahrt, Herbert"]
[Result "1-0"]
[WhiteElo "2321"]
[BlackElo "2329"]
[PlyCount "89"]
[EventDate "2023.12.02"]

1. d4 Nf6 2. c4 e6 3. Nc3 d5 4. Bg5 c6 5. e3 Nbd7 6. cxd5 cxd5 7. Bd3 Be7 8.
Nf3 O-O 9. O-O b6 10. Rc1 Bb7 11. Qe2 a6 12. h3 Qb8 13. Rc2 h6 14. Bf4 Bd6 15.
Bxd6 Qxd6 16. Rfc1 b5 17. Nb1 Rfc8 18. Nbd2 Rxc2 19. Rxc2 Rc8 20. Nb3 Qb6 21.
Rxc8+ Bxc8 22. Qc2 Bb7 23. Nc5 Bc6 24. b4 Nb8 25. Ne5 Be8 26. Nb3 Nc6 27. Nxc6
Bxc6 28. Qc5 Nd7 29. Qxb6 Nxb6 30. Nc5 Nc8 31. Nxa6 Kf8 32. Kf1 Ke7 33. Nc5 g5
34. Ke2 Kd6 35. Kf3 f5 36. Kg3 Ne7 37. f4 Be8 38. fxg5 hxg5 39. h4 gxh4+ 40.
Kxh4 e5 41. Kg5 e4 42. Be2 Bd7 43. Nxd7 Kxd7 44. Bxb5+ Ke6 45. a4 1-0